| 000 | 00965cam a2200289 a 4500 | ||
|---|---|---|---|
| 001 | 3073654 | ||
| 003 | OSt | ||
| 005 | 20160705152920.0 | ||
| 008 | 971203s1998 enka 001 0 eng | ||
| 010 | _a 97051507 | ||
| 020 | _a9780750686396 | ||
| 040 |
_aDLC _cDLC _dDLC |
||
| 043 | _ae-uk--- | ||
| 082 |
_aWA 400 _bR438h 2008 |
||
| 100 | 1 |
_aRidley, John R. _99976 |
|
| 245 | 1 | 0 |
_aHealth and safety : _bin brief / _cJohn Ridley. |
| 246 | 1 | 4 | _aHealth & safety |
| 250 | _a4th.ed. | ||
| 260 |
_aOxford ; _aBoston : _bButterworth-Heinemann, _c2008. |
||
| 300 |
_axiii, 314p. : _bill. ; _c20 cm. |
||
| 500 | _aIncludes index. | ||
| 650 | 0 |
_aIndustrial safety _xLaw and legislation _zGreat Britain. _99977 |
|
| 650 | 0 |
_aIndustrial hygiene _xLaw and legislation _zGreat Britain. _99978 |
|
| 906 |
_a7 _bcbc _corignew _d1 _eocip _f19 _gy-gencatlg |
||
| 942 |
_2z _cO_SHELF |
||
| 999 |
_c4643 _d4643 |
||